Представление документа в формате RUSMARC

ПолеНазваниеЗначение
  Тип записи a
  Библиографический уровень m
001 Контрольный номер RU/SLIB/B/208730217
005 Дата корректировки 20240723102408.1
010 Индекс ISBN __
a ISBN 5-85050-542-3. - 0-7513-8713-4
d Цена 116-33
101 Язык документа 1_
a Язык текста rus
c Язык оригинала eng
200 Заглавие и сведения об ответственности 1_
a Заглавие Музыка
e Сведения, относящиеся к заглавию [энциклопедия]
f Первые сведения об ответственности авт. текста Н. Ардли ; [пер. с англ. В. Ерохина ; гл. ред. Е. Мирская]
b Общее обозначение материала Текст
210 Выходные данные 1_
a Место издания М.
c Издательство [Слово]
d Дата издания [1999]
215 Физическое описание __
a Объем 64 с.
c Иллюстрации/тип воспроизводства ил.
225 Серия 2_
a Серия Очевидец: Обо всем на свете
320 Библиография __
a Библиография Указ.: с. 64
330 Аннотация __
a Аннотация На красочных страницах этой книги перед вами предстанут музыкальные инструменты разных эпох - от древнеегипетской хлопушки до современного синтезатора.
606 Тематические рубрики __
a Основная рубрика Музыка и зрелищные искусства
606 Тематические рубрики __
a Основная рубрика Инструментальная музыка
610 Ключевые слова 0_
a Ключевые слова музыканты; свирели; флейты; саксофоны; скрипки; арфы; лиры; лютни; гитары; клавиши; струны; оркестры; электрогитары; электронная музыка; рояли; пианино; ударные инструменты
686 Индексы других классификаций __
a Классификационный индекс 85.315.3 ; ст85.315
702 Вторичная интеллектуальная ответственность _1
a Фамилия Ардли
b Имя Н.
4 Код отношения Автор текста
4 Код отношения 070
702 Вторичная интеллектуальная ответственность _1
a Фамилия Ерохина
b Имя В.
4 Код отношения Переводчик
4 Код отношения 730
702 Вторичная интеллектуальная ответственность _1
a Фамилия Мирская
b Имя Е.
4 Код отношения Главный редактор
4 Код отношения 651
801 Источник записи _0
a Страна RU
b Организация Муниципальное бюджетное учреждение культуры "Централизованная библиотечная система" г. Сургут (Центральная городская библиотека им. А. С. Пушкина)
g Правила каталогизации КиК/Поспелова
801 Источник записи _1
a Страна RU
b Организация Муниципальное бюджетное учреждение культуры "Централизованная библиотечная система" г. Сургут (Центральная городская библиотека им. А. С. Пушкина)
g Правила каталогизации КиК/Поспелова
852 Данные о местонахождении __
j Шифр хранения 85.315.3
i Авторский знак М 89
901 Тип документа __
t Тип документа m
903 Характеристики (МАРС) __
a Дата передачи 20050321 ; 20021025
969 Тип издания __
a Тип издания энциклопедия
990 Данные о заказе (DOS) __
j Количество экземпляров (DOS) 1; 5
t N записи в КСУ для И/У (DOS) 200503; 200211